Selected readings on palm oil and its uses.
| Format: | Book |
|---|---|
| Published: |
Bangi, Selangor:
Malaysian Palm Oil Board,
2006.
|
| Edition: | Un-edited version. |
| Subjects: |
| LEADER | 00484cam a2200157 7i4500 | ||
|---|---|---|---|
| 001 | 0000027673 | ||
| 005 | 20120409090000.0 | ||
| 090 | 0 | 0 | |a M 633.851 |b SEL |
| 245 | 0 | 0 | |a Selected readings on palm oil and its uses. |
| 250 | 0 | 0 | |a Un-edited version. |
| 260 | 0 | 0 | |a Bangi, Selangor: |b Malaysian Palm Oil Board, |c 2006. |
| 300 | # | # | |a 349 p. |
| 650 | 0 | 0 | |a Palm oil industry -- |z Malaysia |
| 650 | 0 | 0 | |a palm oil -- |z Malaysia |
| 651 | 0 | 0 | |a Malaysia |
| 999 | |a 0000028765 |b Book |c Malaysia |e Business Information Centre | ||